| 000 | 00726nam a22002297a 4500 | ||
|---|---|---|---|
| 003 | DO-SdBNP | ||
| 005 | 20171129160000.0 | ||
| 008 | 171110b 1994 ck ||||| |||| 00| 0 spa d | ||
| 020 | _a9580439397 | ||
| 040 |
_aBPMSU _bspa _cBPMSU |
||
| 092 |
_axxxx _bxxxx |
||
| 100 | 1 | _aBonta, Patricio | |
| 245 | 1 | 0 |
_a199 preguntas sobre marketing y publicidad / _cPatricio Bonta y Mario Farber. |
| 246 | 1 | 0 | _aCiento noventa y nueve preguntas sobre marketing y publicidad. |
| 260 |
_aBogotá : _bNorma, _c1994. |
||
| 300 |
_a178 p. ; _c23 cm. |
||
| 500 | _aEdición económica | ||
| 700 | 1 | 2 | _aFarber, Mario |
| 942 |
_2ddc _cBK |
||
| 945 | _aInventariado extranjero / 2017 YL | ||
| 956 |
_aLOPEREZ _b101 _c20171110 _h0041 _iBPMSU |
||
| 999 |
_c12841 _d12841 |
||